Glee Episodes Part 2 - Statistics

General Stats
  • This quiz has been taken 21 times
  • The average score is 20 of 54
Answer Stats
season number episode title % Correct
A Wedding
65%
4 The New Rachel
65%
2009
59%
Dreams Come true
53%
The Quarterback
53%
Glease
47%
Jagged Little Tapestry
47%
Opening Night
47%
The untitled Rachel Berry Project
47%
100
41%
Bash
41%
Homecoming
41%
6 Loser Like me
41%
Shooting star
41%
Tested
41%
The Break Up
41%
The Hurt Locker part 2
41%
Tina in the sky with Diamonds
41%
Transitioning
41%
All or Nothing
35%
Child Star
35%
City of Angels
35%
Glee, Actually
35%
I do
35%
5 Love, Love, Love
35%
New New York
35%
Old Dog, New Tricks
35%
Previously unaired Christmas
35%
Thanksgiving
35%
The Back-up Plan
35%
The Rise and Fall of Sue Sylvester
35%
We Built this Glee Club
35%
A Katy or a Gaga
29%
Diva
29%
Dynamic Duets
29%
Frenemies
29%
Girls (and Boys) on film
29%
Guilty Pleasures
29%
Lights Out
29%
Makeover
29%
Movin' Out
29%
Naked
29%
New Directions
29%
Puppet Master
29%
Sadie Hawkins
29%
Swan Song
29%
The End Of Twerk
29%
The Hurt Locker Part one
29%
The Role You were Born to play
29%
Trio
29%
Wonder-ful
29%
Feud
24%
Sweet Dreams
24%
Britnety 2.0
0%
No matching quizzes found
Score Distribution
Percent of People with Each Score
Percentile by Number Answered
Your Score History
You have not taken this quiz